000
00286cam a22000857a 4500
008
180718b1953 xxu||||| |||| 00| 0 eng d
082
_a
Q92103x5421 Ut8r
245
_a
United provinces prisoners' release on probation rules
260
_a
Allahabad
_b
Superintendent, Printing And Stationery
_c
1953
999
_c
495871
_d
495871